Conditions precedent (Record no. 68074)

MARC details
000 -LEADER
fixed length control field 00952cam a2200229 4500
001 - CONTROL NUMBER
control field ABS64320
008 - FIXED-LENGTH DATA ELEMENTS--GENERAL INFORMATION
fixed length control field 010823n2001 000 0 eng u
035 ## - SYSTEM CONTROL NUMBER
System control number (Sirsi) u114300
100 ## - MAIN ENTRY--PERSONAL NAME
Personal name Rawling, B
245 ## - TITLE STATEMENT
Title Conditions precedent
260 ## - PUBLICATION, DISTRIBUTION, ETC.
Date of publication, distribution, etc. 2001
490 ## - SERIES STATEMENT
Series statement Surveying News
Volume/sequential designation 10(6) July 2001, 30-32(3)
520 ## - SUMMARY, ETC.
Summary, etc. Since the introduction of forms of contract, contracts have increasingly included conditions precedent. A condition precedent is a provision where a contractor must comply with certain specified procedures or else waive his rights to those remedies which would have been available to him. Explains the requirements for conditions precedent and where and how these can be applied.
590 ## - LOCAL NOTE (RLIN)
Local note ABS
650 ## - SUBJECT ADDED ENTRY--TOPICAL TERM
Topical term or geographic name entry element CONDITIONS PRECEDENT
650 ## - SUBJECT ADDED ENTRY--TOPICAL TERM
Topical term or geographic name entry element REQUIREMENTS
650 ## - SUBJECT ADDED ENTRY--TOPICAL TERM
Topical term or geographic name entry element CONTRACTORS
650 ## - SUBJECT ADDED ENTRY--TOPICAL TERM
Topical term or geographic name entry element LEGAL REMEDY
650 ## - SUBJECT ADDED ENTRY--TOPICAL TERM
Topical term or geographic name entry element CONTRACT CLAUSES
690 ## - LOCAL SUBJECT ADDED ENTRY--TOPICAL TERM (OCLC, RLIN)
Topical term or geographic name as entry element BUILT ENVIRONMENT-BUILDING CONTRACT FORMS
942 ## - ADDED ENTRY ELEMENTS (KOHA)
Suppress in OPAC 0
Holdings
Withdrawn status Lost status Source of classification or shelving scheme Damaged status Not for loan Home library Current library Shelving location Date acquired Total Checkouts Full call number Barcode Date last seen Copy number Price effective from Koha item type
    Dewey Decimal Classification     London London Journal article 23/08/2001   ABS64320 114300-1001 06/08/2019 1 06/08/2019 Journal article